Ilicitud, culpa y estado de necesidad (un estudio de responsabilidad extracontractual en los Cd̤igos Penal y Civil) /

Detalles Bibliográficos
Autor principal: Garca̕ Ripoll Montijano, Martn̕
Formato: Desconocido
Lenguaje:español
Publicado: Madrid : Dykinson, 2006
Colección:Monografa̕s de derecho penal (Editorial Dykinson)
Materias:
Acceso en línea:Acceso restringido

MARC

LEADER 00000ny a22000003n 4500
005 2011052306066.0
008 060505s2006 sp 00||0 spa d
017 |a D.L. SE.1976-2006 
020 |a 8497728521 
035 |a 1378 
040 |a UMA.DER  |d UMA.RE  |d vLex 
080 |a 343.222(460) 
080 |a 343.412(460) 
080 |a 347.51(460) 
090 |c 135  |d 135 
100 1 |a Garca̕ Ripoll Montijano, Martn̕ 
245 1 0 |a Ilicitud, culpa y estado de necesidad  |h [Recurso electrn̤ico]  |b (un estudio de responsabilidad extracontractual en los Cd̤igos Penal y Civil) /  |c Martn̕ Garca̕-Ripoll Montijano 
256 |a Servicio en ln̕ea 
260 |a Madrid :  |b Dykinson,  |c 2006 
300 |a 264 p. ;  |c 21 cm 
490 1 |a Monografa̕s de derecho penal ;  |v 6 
506 1 |a Contenido solo disponible en los productos indicados  |d vLex Global  |d vLex Global (Academic Edition, excluding Law Schools)  |d vLex Global (U.S. Academic Edition, Law Schools)  |d vLex Global (U.S. Academic Edition, excluding Law Schools)  |d vLex Global (Academic Edition, Law Schools) 
650 0 7 |a Penal  |2 Tesauro vLex 
650 0 7 |a Culpabilidad  |2 Tesauro vLex 
650 0 7 |a Declaracin̤ de culpabilidad  |2 Tesauro vLex 
650 0 7 |a Principio de culpabilidad  |2 Tesauro vLex 
650 0 7 |a Estado de necesidad  |2 Tesauro vLex 
740 0 |a vLex Libros (Servicios en ln̕ea) 
830 0 |a Monografa̕s de derecho penal (Editorial Dykinson) 
856 4 0 |u http://vlex.com/source/1378  |z Acceso restringido 
942 |c BOOK 
999 0 |a Criminal law  |b Spain